[Event "Mecklenburg VP VL 1516"]
[Site "Mecklenburg VP"]
[Date "2016.03.13"]
[Round "7.6"]
[White "Birnbaum, Wolf Dieter"]
[Black "Streit, Bodo"]
[Result "1-0"]
[WhiteElo "1782"]
[BlackElo "1765"]
[PlyCount "87"]
[EventDate "2015.09.20"]
[EventType "team-tourn"]
[EventRounds "9"]
[EventCountry "GER"]
[SourceTitle "EXT 2022"]
[Source "ChessBase"]
[SourceDate "2021.10.06"]
[SourceVersion "1"]
[SourceVersionDate "2021.10.06"]
[SourceQuality "1"]
[WhiteTeam "Warnemuende SF Ostsee"]
[BlackTeam "Grevesmuehlen Blau Weiss"]
[WhiteTeamCountry "GER"]
[BlackTeamCountry "GER"]

1. Nf3 Nc6 2. d4 d5 3. g3 Nf6 4. Bg2 e6 5. 0-0 Bd6 6. c4 b6 7. Nc3 Bb7 8. Bg5 Be7 9. Rc1 0-0 10. Ne5 Nxe5 11. dxe5 Ne4 12. Bxe7 Nxc3 13. Bxd8 Nxd1 14. Be7 Nxb2 15. Bxf8 Kxf8 16. cxd5 Rc8 17. d6 Bxg2 18. Kxg2 c5 19. f4 Ke8 20. f5 Kd7 21. f6 g6 22. Rf4 c4 23. Rh4 h5 24. g4 hxg4 25. Rh7 Rf8 26. Kg3 b5 27. Kxg4 Na4 28. Kg5 Nc5 29. Kh6 Kc6 30. Kg7 Nd7 31. Rh3 Kd5 32. Ra3 Ra8 33. Kxf7 Nxe5+ 34. Ke7 a5 35. Rd1+ Kc5 36. f7 Nc6+ 37. Kxe6 Nd4+ 38. Rxd4 Kxd4 39. Ke7 c3 40. f8Q Rxf8 41. Kxf8 c2 42. d7 c1Q 43. d8Q+ Ke5 44. Qe7+ 1-0

[Event "Rostock SSC op 14th"]
[Site "Rostock"]
[Date "2015.07.31"]
[Round "5.17"]
[White "Birnbaum, Wolf Dieter"]
[Black "Schamber, Dennis"]
[Result "1-0"]
[WhiteElo "1922"]
[BlackElo "1605"]
[PlyCount "47"]
[EventDate "2015.07.29"]
[EventType "swiss"]
[EventRounds "7"]
[EventCountry "GER"]
[SourceTitle "EXT 2019"]
[Source "ChessBase"]
[SourceDate "2018.10.10"]
[SourceVersion "1"]
[SourceVersionDate "2018.10.10"]
[SourceQuality "1"]

1. Nf3 g6 2. g3 Bg7 3. d4 f5 4. Bg2 Nf6 5. 0-0 0-0 6. c4 d6 7. Nc3 Nbd7 8. Ng5 Nb6 9. c5 dxc5 10. dxc5 Nc4 11. Qb3 e6 12. Qxc4 Qe7 13. Bf4 h6 14. Nf3 g5 15. Be5 Nd7 16. Bxg7 Kxg7 17. b4 e5 18. Nd5 Qe6 19. Rac1 e4 20. Nd4 Qe5 21. Nxc7 b5 22. Qxb5 a6 23. Qc4 Nxc5 24. Qxc5 1-0

[Event "Rostock SSC op 14th"]
[Site "Rostock"]
[Date "2015.07.29"]
[Round "1.23"]
[White "Birnbaum, Wolf Dieter"]
[Black "Goldmund, Heike"]
[Result "1-0"]
[WhiteElo "1922"]
[BlackElo "1544"]
[PlyCount "33"]
[EventDate "2015.07.29"]
[EventType "swiss"]
[EventRounds "7"]
[EventCountry "GER"]
[SourceTitle "EXT 2019"]
[Source "ChessBase"]
[SourceDate "2018.10.10"]
[SourceVersion "1"]
[SourceVersionDate "2018.10.10"]
[SourceQuality "1"]

1. Nf3 d5 2. g3 Nf6 3. Bg2 c5 4. 0-0 Nc6 5. d4 e6 6. c4 b6 7. cxd5 Nxd5 8. Nc3 Nxc3 9. bxc3 Rb8 10. Qa4 Qd7 11. Rd1 Ne5 12. Qxd7+ Nxd7 13. Bf4 e5 14. Nxe5 Bb7 15. Nxd7 Bxg2 16. Nxb8 Bb7 17. dxc5 1-0

[Event "Mecklenburg VP VL 1415"]
[Site "Mecklenburg VP"]
[Date "2014.11.23"]
[Round "3.6"]
[White "Kupfernagel, Michael"]
[Black "Birnbaum, Wolf Dieter"]
[Result "0-1"]
[WhiteElo "1902"]
[BlackElo "1784"]
[PlyCount "124"]
[EventDate "2014.09.21"]
[EventType "team-tourn"]
[EventRounds "9"]
[EventCountry "GER"]
[SourceTitle "EXT 2022"]
[Source "ChessBase"]
[SourceDate "2021.10.06"]
[SourceVersion "1"]
[SourceVersionDate "2021.10.06"]
[SourceQuality "1"]
[WhiteTeam "Schwerin SF III"]
[BlackTeam "Warnemuende SF Ostsee"]
[WhiteTeamCountry "GER"]
[BlackTeamCountry "GER"]

1. e4 Nf6 2. e5 Nd5 3. d4 d6 4. c4 Nb6 5. exd6 cxd6 6. Nc3 g6 7. Be3 Bg7 8. Rc1 0-0 9. Nf3 Nc6 10. Be2 Bg4 11. b3 d5 12. c5 Nc8 13. 0-0 e6 14. Ne1 Bxe2 15. Nxe2 Qa5 16. Nd3 N8e7 17. a4 Nf5 18. b4 Qc7 19. b5 Ncxd4 20. Nxd4 Nxd4 21. Nb4 Nf5 22. Bd2 a6 23. b6 Qd7 24. c6 bxc6 25. Rxc6 a5 26. Rc7 Qd6 27. Rc6 Qd8 28. Nc2 Qd7 29. Rc7 Qxa4 30. Qb1 Rac8 31. Rc1 Be5 32. Ra7 Rc5 33. Ne3 Rb5 34. Qd3 Rb8 35. Nxf5 gxf5 36. Qe3 Bg7 37. Qg3 R5xb6 38. Qc7 Qe8 39. Rxa5 Rb1 40. Rac5 Qa4 41. h3 Qa1 42. Qxb8+ Rxb8 43. Rxa1 Bxa1 44. Kf1 Bd4 45. Rc7 Kg7 46. Ke2 Rb2 47. f4 Bb6 48. Rb7 Bd4 49. Rc7 Rb3 50. Rc6 Rg3 51. Kf1 Ra3 52. Ke2 Ra1 53. Kd3 Bf6 54. Ke2 Rg1 55. Kf3 Bd4 56. Ba5 Rf1+ 57. Kg3 Ra1 58. Bc7 Ra3+ 59. Kh2 Rc3 60. Rxc3 Bxc3 61. Kg3 f6 62. Kf3 e5 0-1

[Event "Mecklenburg VP VL 1314"]
[Site "Mecklenburg VP"]
[Date "2014.02.23"]
[Round "6.6"]
[White "Birnbaum, Wolf Dieter"]
[Black "Popp, Michael"]
[Result "1/2-1/2"]
[WhiteElo "1828"]
[BlackElo "1721"]
[PlyCount "103"]
[EventDate "2013.10.20"]
[EventType "team-tourn"]
[EventRounds "9"]
[EventCountry "GER"]
[SourceTitle "EXT 2022"]
[Source "ChessBase"]
[SourceDate "2021.10.06"]
[SourceVersion "1"]
[SourceVersionDate "2021.10.06"]
[SourceQuality "1"]
[WhiteTeam "Warnemuende SF Ostsee"]
[BlackTeam "Schwerin SF III"]
[WhiteTeamCountry "GER"]
[BlackTeamCountry "GER"]

1. Nf3 Nf6 2. g3 g6 3. Bg2 Bg7 4. 0-0 0-0 5. d4 d5 6. c4 c6 7. cxd5 cxd5 8. Nc3 Nc6 9. Ne5 Be6 10. Nxc6 bxc6 11. Na4 Ne4 12. f3 Nd6 13. Nc5 Bc8 14. Qa4 Qb6 15. e4 e5 16. b4 exd4 17. Bf4 Nb5 18. Qb3 Nc3 19. Kh1 Re8 20. Rae1 a5 21. exd5 Ba6 22. Nxa6 Qxa6 23. d6 Ne2 24. d7 Re7 25. b5 cxb5 26. Qd5 Rd8 27. Rxe2 Rdxd7 28. Rxe7 Rxd5 29. Re8+ Bf8 30. Bh6 Qd6 31. Rc1 Re5 32. Rxf8+ Qxf8 33. Bxf8 Kxf8 34. Bf1 b4 35. Kg2 Re3 36. Kf2 Kg7 37. Rd1 Rc3 38. Ke2 Re3+ 39. Kf2 Rc3 40. Rd2 Kf6 41. Bb5 Ke5 42. Ba4 f6 43. Rc2 d3 44. Rxc3 bxc3 45. Ke3 c2 46. Kd2 Kd4 47. Bb5 g5 48. g4 h6 49. Ba6 c1Q+ 50. Kxc1 Ke3 51. Bb7 Ke2 52. Ba6 1/2-1/2

[Event "Mecklenburg VP VL 1314"]
[Site "Mecklenburg VP"]
[Date "2013.11.24"]
[Round "3.6"]
[White "Roehl, Rainer"]
[Black "Birnbaum, Wolf Dieter"]
[Result "1/2-1/2"]
[WhiteElo "2031"]
[BlackElo "1828"]
[PlyCount "36"]
[EventDate "2013.10.20"]
[EventType "team-tourn"]
[EventRounds "9"]
[EventCountry "GER"]
[SourceTitle "EXT 2022"]
[Source "ChessBase"]
[SourceDate "2021.10.06"]
[SourceVersion "1"]
[SourceVersionDate "2021.10.06"]
[SourceQuality "1"]
[WhiteTeam "Schwerin SF II"]
[BlackTeam "Warnemuende SF Ostsee"]
[WhiteTeamCountry "GER"]
[BlackTeamCountry "GER"]

1. d4 Nf6 2. Nf3 g6 3. Nc3 d5 4. Bf4 Bg7 5. Qd2 Ne4 6. Nxe4 dxe4 7. Ne5 Nd7 8. Nxd7 Qxd7 9. c3 h5 10. e3 0-0 11. Qc2 f5 12. 0-0-0 c6 13. Qb3+ Kh7 14. h3 b5 15. f3 exf3 16. gxf3 a5 17. Rg1 a4 18. Qc2 Qe6 1/2-1/2

[Event "Mecklenburg VP VL 1213"]
[Site "Mecklenburg VP"]
[Date "2013.01.13"]
[Round "5.6"]
[White "Witkowski, Rainer"]
[Black "Birnbaum, Wolf Dieter"]
[Result "0-1"]
[WhiteElo "1868"]
[BlackElo "1842"]
[PlyCount "84"]
[EventDate "2012.10.14"]
[EventType "team-tourn"]
[EventRounds "9"]
[EventCountry "GER"]
[SourceTitle "EXT 2022"]
[Source "ChessBase"]
[SourceDate "2021.10.06"]
[SourceVersion "1"]
[SourceVersionDate "2021.10.06"]
[SourceQuality "1"]
[WhiteTeam "Neubrandenburg SG Eintracht"]
[BlackTeam "Warnemuende SF Ostsee"]
[WhiteTeamCountry "GER"]
[BlackTeamCountry "GER"]

1. e4 Nf6 2. Nc3 e5 3. Nf3 Nc6 4. Be2 Bc5 5. h3 d5 6. exd5 Nxd5 7. Nxd5 Qxd5 8. d3 Be6 9. Be3 f6 10. Bxc5 Qxc5 11. a3 0-0-0 12. Nd2 Nd4 13. Rc1 f5 14. c3 Nxe2 15. Qxe2 Qd5 16. 0-0 e4 17. d4 g5 18. Rfe1 Bf7 19. Nf1 Rde8 20. Red1 h5 21. c4 Qd7 22. d5 f4 23. Qd2 f3 24. Rc3 fxg2 25. Kxg2 h4 26. c5 g4 27. c6 gxh3+ 28. Rxh3 Qg4+ 29. Kh2 Rhg8 30. Ne3 Qf4+ 31. Kh1 Bh5 32. Rg1 Bf3+ 33. Rxf3 Qxf3+ 34. Kh2 Qf4+ 35. Kh1 h3 36. Qb4 Rxg1+ 37. Kxg1 h2+ 38. Kh1 Qf3+ 39. Ng2 b6 40. d6 Rg8 41. d7+ Kd8 42. Qc3 Qxg2# 0-1

[Event "Rostock SSC 07 op 10th"]
[Site "Rostock"]
[Date "2011.08.03"]
[Round "1"]
[White "Birnbaum, Wolf Dieter"]
[Black "Bardosch, Konstantin"]
[Result "1/2-1/2"]
[WhiteElo "2022"]
[BlackElo "1621"]
[PlyCount "45"]
[EventDate "2011.08.03"]
[EventType "swiss"]
[EventRounds "7"]
[EventCountry "GER"]
[SourceTitle "EXT 2017"]
[Source "ChessBase"]
[SourceDate "2016.10.25"]
[SourceVersion "1"]
[SourceVersionDate "2016.10.25"]
[SourceQuality "1"]

1. Nf3 Nf6 2. g3 g6 3. Bg2 Bg7 4. 0-0 0-0 5. d4 d5 6. c4 e6 7. Nc3 c6 8. Ne5 Nbd7 9. Bg5 Qc7 10. cxd5 Nxd5 11. Nxd5 exd5 12. Ng4 h5 13. Ne5 Nxe5 14. dxe5 Qxe5 15. Bc1 Re8 16. Re1 Bf5 17. Qb3 Re7 18. Bg5 Bf6 19. f4 Qd6 20. e4 Rae8 21. Bxf6 Qxf6 22. e5 Qe6 23. Rac1 1/2-1/2

[Event "Mecklenburg VP VL 1011"]
[Site "Mecklenburg VP"]
[Date "2011.04.10"]
[Round "9.6"]
[White "Matzek, Franz David"]
[Black "Birnbaum, Wolf Dieter"]
[Result "1/2-1/2"]
[WhiteElo "1695"]
[BlackElo "1847"]
[PlyCount "42"]
[EventDate "2010.10.10"]
[EventType "team-tourn"]
[EventRounds "9"]
[EventCountry "GER"]
[SourceTitle "EXT 2022"]
[Source "ChessBase"]
[SourceDate "2021.10.06"]
[SourceVersion "1"]
[SourceVersionDate "2021.10.06"]
[SourceQuality "1"]
[WhiteTeam "Gryps SV"]
[BlackTeam "Warnemuende SF Ostsee"]
[WhiteTeamCountry "GER"]
[BlackTeamCountry "GER"]

1. e4 Nf6 2. e5 Nd5 3. d4 d6 4. Nf3 g6 5. Bc4 Nb6 6. Bb3 Bg7 7. Ng5 d5 8. 0-0 0-0 9. f4 Na6 10. c3 f6 11. Nf3 Bg4 12. Qe1 c5 13. h3 Bxf3 14. Rxf3 fxe5 15. fxe5 Rxf3 16. gxf3 e6 17. h4 Qc7 18. Be3 cxd4 19. cxd4 Nc4 20. Bxc4 Qxc4 21. Na3 Qb4 1/2-1/2

[Event "Mecklenburg VP VL 1011"]
[Site "Mecklenburg VP"]
[Date "2011.01.16"]
[Round "5.6"]
[White "Kleinke, Uwe"]
[Black "Birnbaum, Wolf Dieter"]
[Result "1/2-1/2"]
[WhiteElo "1801"]
[BlackElo "1847"]
[PlyCount "50"]
[EventDate "2010.10.10"]
[EventType "team-tourn"]
[EventRounds "9"]
[EventCountry "GER"]
[SourceTitle "EXT 2022"]
[Source "ChessBase"]
[SourceDate "2021.10.06"]
[SourceVersion "1"]
[SourceVersionDate "2021.10.06"]
[SourceQuality "1"]
[WhiteTeam "Grevesmuehlen Blau Weiss"]
[BlackTeam "Warnemuende SF Ostsee"]
[WhiteTeamCountry "GER"]
[BlackTeamCountry "GER"]

1. b4 e5 2. Bb2 d6 3. e3 Be6 4. c4 f5 5. Nf3 Nf6 6. Be2 h6 7. d4 e4 8. Nh4 d5 9. c5 Nc6 10. Ng6 Rg8 11. b5 Ne7 12. Nxf8 Kxf8 13. a4 g5 14. a5 f4 15. Bc1 Ng6 16. Bh5 Nh4 17. Be2 Nxg2+ 18. Kd2 f3 19. Bf1 Bh3 20. a6 b6 21. Ba3 Kg7 22. Ra2 Ng4 23. Kc1 Rc8 24. Nc3 Qd7 25. Qb3 Rcd8 1/2-1/2

[Event "Mecklenburg VP VL 1011"]
[Site "Mecklenburg VP"]
[Date "2010.10.24"]
[Round "2.7"]
[White "Birnbaum, Wolf Dieter"]
[Black "Moeller, Stefan"]
[Result "1-0"]
[WhiteElo "1847"]
[BlackElo "1688"]
[PlyCount "37"]
[EventDate "2010.10.10"]
[EventType "team-tourn"]
[EventRounds "9"]
[EventCountry "GER"]
[SourceTitle "EXT 2022"]
[Source "ChessBase"]
[SourceDate "2021.10.06"]
[SourceVersion "1"]
[SourceVersionDate "2021.10.06"]
[SourceQuality "1"]
[WhiteTeam "Warnemuende SF Ostsee"]
[BlackTeam "Rostock HSG Uni"]
[WhiteTeamCountry "GER"]
[BlackTeamCountry "GER"]

1. Nf3 Nf6 2. g3 d5 3. Bg2 c6 4. 0-0 Bf5 5. d3 Nbd7 6. Nbd2 e5 7. h3 h6 8. Nh4 Bh7 9. e4 Bc5 10. Kh2 Qb6 11. f4 Be3 12. exd5 exf4 13. dxc6 fxg3+ 14. Kh1 bxc6 15. Nc4 Qc7 16. Bxe3 g5 17. Nf5 Bxf5 18. Rxf5 0-0-0 19. Bd4 1-0